[Event "Florianopolis op 4th"]
[Site "Florianopolis"]
[Date "2018.01.21"]
[Round "4"]
[White "Rodrigues, Nei Jorge"]
[Black "Raulino, Marcelo Juvenal"]
[Result "1-0"]
[WhiteElo "1976"]
[BlackElo "1594"]
[PlyCount "29"]
[EventDate "2018.01.19"]
[EventType "swiss"]
[EventRounds "10"]
[EventCountry "BRA"]
[SourceTitle "EXT 2019"]
[Source "ChessBase"]
[SourceDate "2018.10.10"]
[SourceVersion "1"]
[SourceVersionDate "2018.10.10"]
[SourceQuality "1"]

1. d4 Nf6 2. Nf3 d5 3. Bf4 Bf5 4. h3 Nc6 5. e4 Nxe4 6. c3 g5 7. Bxg5 f6 8. Bh4 Qd6 9. Bd3 Bg6 10. a4 e5 11. Bg3 Qe6 12. 0-0 Qd6 13. dxe5 Qe6 14. Be2 h5 15. Na3 1-0

[Event "Florianopolis Santa Catarina zt"]
[Site "Florianopolis"]
[Date "2015.09.12"]
[Round "3"]
[White "Masselli, Eduardo"]
[Black "Raulino, Marcelo Juvenal"]
[Result "1-0"]
[WhiteElo "1581"]
[BlackElo "1724"]
[PlyCount "41"]
[EventDate "2015.09.11"]
[EventType "swiss"]
[EventRounds "6"]
[EventCountry "BRA"]
[SourceTitle "EXT 2016"]
[Source "ChessBase"]
[SourceDate "2015.10.08"]
[SourceVersion "1"]
[SourceVersionDate "2015.10.08"]
[SourceQuality "1"]

1. e4 d5 2. exd5 Nf6 3. Nf3 c6 4. d4 cxd5 5. c4 e6 6. Nc3 Be7 7. Be3 0-0 8. Rc1 Nc6 9. h3 Re8 10. Be2 dxc4 11. Bxc4 Bb4 12. 0-0 Qa5 13. Qd3 e5 14. Ne4 Nxe4 15. Qxe4 h6 16. a3 Bd6 17. Bd3 f5 18. Bc4+ Kh8 19. Qh4 f4 20. Bd2 exd4 21. Bxa5 1-0

[Event "Florianopolis Cordioli Memorial"]
[Site "Florianopolis"]
[Date "2015.07.04"]
[Round "5"]
[White "Raulino, Marcelo Juvenal"]
[Black "De Borba, Gabriel"]
[Result "0-1"]
[WhiteElo "1782"]
[BlackElo "1625"]
[PlyCount "52"]
[EventDate "2015.07.03"]
[EventType "swiss"]
[EventRounds "7"]
[EventCountry "BRA"]
[SourceTitle "EXT 2016"]
[Source "ChessBase"]
[SourceDate "2015.10.08"]
[SourceVersion "1"]
[SourceVersionDate "2015.10.08"]
[SourceQuality "1"]

1. e4 c5 2. d4 cxd4 3. c3 dxc3 4. Nf3 e6 5. Nxc3 a6 6. Bd3 d6 7. 0-0 Nd7 8. Qe2 Ngf6 9. Bg5 Be7 10. Rfd1 0-0 11. e5 dxe5 12. Nxe5 Qc7 13. Nxd7 Bxd7 14. Rac1 Bc6 15. Ne4 Nxe4 16. Bxe7 Qxe7 17. Bxe4 Bxe4 18. Qxe4 Rfd8 19. Qf4 Rxd1+ 20. Rxd1 Rd8 21. Rc1 h6 22. h4 b5 23. Rc7 Rd7 24. Rc8+ Kh7 25. g3 Rd1+ 26. Kh2 Qb7 0-1